|
|
|
|
| LEADER |
02293nam a2200577 i 4500 |
| 001 |
nkc20152726723 |
| 003 |
CZ PrNK |
| 005 |
20231130095335.0 |
| 007 |
ta |
| 008 |
150825s2015 xr a f 001 0 cze |
| 015 |
|
|
|a cnb002726723
|
| 020 |
|
|
|a 978-80-87270-81-3
|q (vázáno)
|
| 035 |
|
|
|a (OCoLC)928739239
|
| 040 |
|
|
|a OLA001
|b cze
|d ABA001
|e rda
|
| 041 |
1 |
|
|a cze
|h eng
|
| 072 |
|
7 |
|a 316.4/.7
|x Sociální interakce. Sociální komunikace
|2 Konspekt
|9 18
|
| 080 |
|
|
|a 159.942
|2 MRF
|
| 080 |
|
|
|a 159.925.8
|2 MRF
|
| 080 |
|
|
|a 316.772.2
|2 MRF
|
| 080 |
|
|
|a (048.8)
|2 MRF
|
| 100 |
1 |
|
|a Ekman, Paul,
|d 1934-2025
|7 jcu2010600093
|4 aut
|
| 240 |
1 |
0 |
|a Emotions revealed.
|l Česky
|
| 245 |
1 |
0 |
|a Odhalené emoce :
|b naučte se rozpoznávat výrazy tváře a pocity druhých /
|c Paul Ekman ; překlad Eva Nevrlá
|
| 250 |
|
|
|a Vydání první
|
| 264 |
|
1 |
|a V Brně :
|b Jan Melvil Publishing,
|c 2015
|
| 300 |
|
|
|a 328 stran :
|b ilustrace ;
|c 23 cm
|
| 336 |
|
|
|a text
|b txt
|2 rdacontent
|
| 337 |
|
|
|a bez média
|b n
|2 rdamedia
|
| 338 |
|
|
|a svazek
|b nc
|2 rdacarrier
|
| 490 |
1 |
|
|a Pod povrchem
|
| 500 |
|
|
|a Přeloženo z angličtiny
|
| 504 |
|
|
|a Obsahuje bibliografické odkazy a rejstřík
|
| 650 |
0 |
7 |
|a emoce
|7 ph114465
|2 czenas
|
| 650 |
0 |
7 |
|a mimika
|7 ph138904
|2 czenas
|
| 650 |
0 |
7 |
|a nonverbální komunikace
|7 ph115459
|2 czenas
|
| 650 |
0 |
9 |
|a emotions
|2 eczenas
|
| 650 |
0 |
9 |
|a mimic
|2 eczenas
|
| 650 |
0 |
9 |
|a nonverbal communication
|2 eczenas
|
| 655 |
|
7 |
|a monografie
|7 fd132842
|2 czenas
|
| 655 |
|
9 |
|a monographs
|2 eczenas
|
| 700 |
1 |
|
|a Nevrlá, Eva
|7 xx0103050
|4 trl
|
| 830 |
|
0 |
|a Pod povrchem
|0 s
|
| 910 |
2 |
|
|a BOA001
|b 2-1354.217
|
| 990 |
|
|
|a BK
|
| 995 |
|
|
|a 01
|
| 991 |
|
|
|b 201510
|c NOV
|e n
|
| 996 |
6 |
|
|b 2610644812
|c 2-1354.217
|l MZK
|r Sklad / do 1 hodiny
|n 28
|p p.v.
|w 001524893
|u 000010
|a 1
|e BOA001
|j MZK50
|s P
|
| 996 |
7 |
|
|b 2610644813
|c 2-1354.217
|l Vol.výběr
|r VV 0p
|n 50
|p p.v.
|h 159.93/.94 EKM
|w 001524893
|u 000020
|a 0
|e BOA001
|j MZK50
|s A
|
| 996 |
7 |
|
|b 2610763711
|c 2-1354.217
|l Vol.výběr
|r VV 0p
|n 18
|p kup
|h 159.93/.94 EKM
|w 001524893
|u 000030
|a 0
|e BOA001
|j MZK50
|s A
|
| 996 |
7 |
|
|b 2610763712
|c 2-1354.217
|l Vol.výběr
|r VV 0p
|n 24
|p kup
|h 159.93/.94 EKM
|w 001524893
|u 000040
|a 0
|e BOA001
|j MZK50
|s A
|
| 996 |
7 |
|
|b 2610955339
|c 2-1354.217
|l Vol.výběr
|r VV 0p
|n 8
|p kup
|h 159.93/.94 EKM
|w 001524893
|u 000050
|a 0
|e BOA001
|j MZK50
|s A
|